| 000 | 01160cam a22003254a 4500 | ||
|---|---|---|---|
| 001 | 16813794 | ||
| 005 | 20131111130814.0 | ||
| 006 | a|||||r|||| 001 0 | ||
| 007 | ta | ||
| 008 | 110607s2011 flua rb 001 0 eng | ||
| 010 | _a 2011019328 | ||
| 020 | _a1843393425 | ||
| 020 | _a9781843393429 | ||
| 042 | _apcc | ||
| 050 | 0 | 0 |
_aTD755 _b.G72 2011 |
| 082 | 0 | 0 |
_a628.35 _222 _bBIO |
| 100 | 1 |
_aGrady, C. P. Leslie, _d1938- _934424 |
|
| 245 | 1 | 0 |
_aBiological wastewater treatment / _cC.P. Leslie Grady ... [et al.]. |
| 250 | _a3rd ed. | ||
| 260 |
_aBoca Raton, FL : _bIWA Pub./CRC Press, _cc2011. |
||
| 300 |
_axxix, 991 p. : _bill. ; _c27 cm. |
||
| 500 | _aRev. ed. of: Biological wastewater treatment / Biological wastewater treatment / C.P. Leslie Grady, Jr., Glen T. Daigger, Henry C. Lim. 2nd. 1999. | ||
| 504 | _aIncludes bibliographical references and index. | ||
| 650 | 0 |
_aSewage _xPurification _xBiological treatment. _919163 |
|
| 653 |
_bChe _cNovember2013 |
||
| 655 |
_vtext book _933728 |
||
| 700 | 1 |
_aGrady, C. P. Leslie, _d1938- _934425 |
|
| 700 | 1 |
_aGrady, C. P. Leslie, _d1938- _tBiological wastewater treatment. _934426 |
|
| 942 |
_2ddc _cBB |
||
| 999 |
_c17748 _d17720 |
||